Kiswahili numbers - Statistics

General Stats
  • This quiz has been taken 65 times
  • The average score is 11 of 20
Answer Stats
Hint Answer % Correct
Two Mbili
91%
One Moja
91%
Four Nne
73%
Seven Saba
73%
Five Tano
73%
Three Tatu
73%
Ten Kumi
64%
Eight Nane
64%
Six Sita
64%
Nine Tisa
64%
Fifty Hamsini
55%
Thirty Thelathini
55%
Twenty Ishirini
45%
Hundred Mia
45%
Seventy Sabini
45%
Sixty Sitini
36%
Eighty Themanini
36%
Ninety Tisini
36%
Fourty Arobaini
27%
Thousand Elfu
27%
No matching quizzes found
Score Distribution
Percent of People with Each Score
Percentile by Number Answered
Your Score History
You have not taken this quiz